Vplyv daňovej sústavy na hospodárenie podnikov poľnohospodárskej výroby
Vývoj priamych daní od roku 1993-2002. Daňové zaťaženie podľa krajov a prírodných podmienok. Dopad zo zníženia sadzby dane z pozemkov. Spotrebná daň z minerálnych olejov. Ostatné priame dane - daň z príjmu a cestná daň.
Guardado en:
| Autor principal: | |
|---|---|
| Formato: | Capítulo de libro |
| Lenguaje: | eslovaco |
| Materias: | |
| Etiquetas: |
Sin Etiquetas, Sea el primero en etiquetar este registro!
|
MARC
| LEADER | 00000naa$a2200000$$$4500 | ||
|---|---|---|---|
| 001 | 0004130 | ||
| 005 | 20231004074633.7 | ||
| 041 | 0 | |a slo | |
| 044 | |a SK | ||
| 245 | 1 | 0 | |a Vplyv daňovej sústavy na hospodárenie podnikov poľnohospodárskej výroby |c aut. Zuzana Chrastinová |
| 520 | |a Vývoj priamych daní od roku 1993-2002. Daňové zaťaženie podľa krajov a prírodných podmienok. Dopad zo zníženia sadzby dane z pozemkov. Spotrebná daň z minerálnych olejov. Ostatné priame dane - daň z príjmu a cestná daň. | ||
| 610 | 2 | 0 | |a poľnohospodárstvo |
| 610 | 2 | 0 | |a dane nepriame |
| 610 | 2 | 0 | |a dane priame |
| 610 | 2 | 0 | |a dane z príjmov |
| 610 | 2 | 0 | |a dane z hodnoty pridanej |
| 610 | 2 | 0 | |a dane spotrebné |
| 610 | 2 | 0 | |a dane cestné |
| 610 | 2 | 0 | |a pozemky |
| 100 | 1 | |a Chrastinová, Zuzana | |